000 00347nam a2200157Ia 4500
003 OSt
005 20240203120122.0
008 170524s9999 xx 000 0 und d
020 _a ‎ 978-9383242375
040 _cIIMT UNIVERSITY
100 _aBALAJI- C
100 _c2011
245 0 _aRATAIL MANAGEMENT
260 _aOXFORD
942 _2ddc
_c01
999 _c2574
_d2574